| 000 | 01408cam a2200301 a 4500 | ||
|---|---|---|---|
| 001 | 506 | ||
| 005 | 20230511101244.0 | ||
| 008 | 040323r20031972nyu c 000 1 eng | ||
| 020 | _a0142302317 (Puffin Books) | ||
| 040 |
_aDLC _cDLC _dDLC _dFISKH _beng |
||
| 050 | 0 | 0 |
_aPZ7.B6265 _bTal 2003 |
| 082 | 0 | 0 |
_a813.54 _222 |
| 100 | 1 | _aBlume, Judy. | |
| 245 | 1 | 0 |
_aTales of a fourth grade nothing / _cJudy Blume. |
| 260 |
_aNew York, N.Y. : _bPuffin Books, _c2003. |
||
| 300 |
_a120 pages ; _c20 cm. |
||
| 500 | _aSequel: Superfudge. | ||
| 505 | _aH | ||
| 520 | _aPeter finds his demanding two-and-a-half-year-old brother an ever increasing problem. Living with his little brother, Fudge, makes Peter Hatcher feel like a fourth grade nothing. Whether Fudge is throwing a temper tantrum in a shoe store, smearing smashed potatoes on walls at Hamburger Heaven, or scribbling all over Peter's homework, he's never far from trouble. He's a two-year-old terror who gets away with everything—and Peter's had enough. When Fudge walks off with Dribble, Peter's pet turtle, it's the last straw. Peter has put up with Fudge too long. | ||
| 521 |
_a470
_bLexile |
||
| 521 |
_aH
_bRaz-Plus |
||
| 650 | 1 |
_aBrothers _vFiction. |
|
| 650 | 1 |
_aFamily life _vFiction. |
|
| 650 | 1 | _aHumorous stories. | |
| 700 | 1 |
_aDoty, Roy, _d1922- _eill. |
|
| 906 |
_a7 _bcbc _corigcop _d3 _encip _f20 _gy-gencatlg |
||
| 942 |
_2ddc _cBK _n0 |
||
| 999 |
_c506 _d506 |
||